[Event "4Springare Autumn-IM 2019"]
[Site "Stockholm"]
[Date "2019.10.23"]
[Round "6.3"]
[White "Papunidi, Matvey"]
[Black "Kononenko, Dmitry"]
[Result "0-1"]
[WhiteElo "2083"]
[BlackElo "2613"]
[Annotator "TA"]
[PlyCount "72"]
[EventDate "2019.10.19"]
[EventType "tourn"]
[EventRounds "9"]
[EventCountry "SWE"]
[SourceTitle "playchess.com"]
[Source "ChessBase"]
[SourceQuality "1"]

{[%evp 11,72,11,27,25,24,10,20,18,19,16,16,10,16,22,15,14,19,-12,18,18,40,29,37,19,44,4,10,0,0,8,0,15,92,85,135,122,110,120,133,132,125,135,136,136,102,65,28,0,12,0,0,0,0,-65,-20,-30,-50,-49,0,-226,-219,-344,-322]} 1. c4 c5 2. Nc3 Nc6 3. g3 g6 4. Bg2 Bg7 5. e3 d6 6. Nge2 Nf6 7. d3 {A36: Symmetrical English vs ...g6: 4 Bg2 Bg7} Bd7 ({Predecessor:} 7... a6 8. a3 Bd7 9. Rb1 {1-0 (40) Abou El Zein,E (2150)-Ahmed Hamza,M (1770) Cairo 2016}) 8. Rb1 $146 (8. b3 Qc8 9. h3 O-O 10. Bb2 a6 11. Qd2 Rb8 12. Rd1 b5 13. Nf4 Re8 14. Ncd5 e5 15. Nxf6+ Bxf6 16. Nd5 Bg7 17. Ba1 Ne7 18. Nxe7+ Rxe7 19. h4 h5 20. O-O {½-½ (20) Rakhmanov,A (2653)-Mamedov,R (2709) Riadh 2017}) 8... Rb8 9. a3 {The position is equal.} a6 10. b4 cxb4 11. axb4 b5 12. cxb5 axb5 13. O-O O-O 14. h3 Qb6 15. e4 Rfc8 16. Be3 Qd8 17. f4 e5 18. f5 gxf5 19. exf5 Nd4 20. Nxd4 {[#] Black must now prevent Nde2.} Rxc3 21. Ne2 $36 {[%mdl 2048] White has some pressure.} Rcc8 (21... Rc7 $11) 22. Ba7 $16 Bc6 {Threatens to win with ...Bxg2.} 23. Bxc6 Rxc6 24. Bxb8 Qxb8 25. Rc1 Qb6+ 26. Kh2 Bh6 27. Rxc6 Qxc6 28. Ng1 Qc3 29. Qf3 Qxb4 30. Ne2 Qd2 31. g4 Bg5 32. Kg3 ({White should try} 32. Kh1 $11) 32... d5 {[#] Strongly threatening ...e4!} (32... h5 $5) 33. h4 e4 34. dxe4 Nxe4+ 35. Kh2 $2 (35. Kh3 $11) 35... Bxh4 $19 36. Ra1 (36. f6 {might work better.}) 36... b4 {Accuracy: White = 49%, Black = 51%.} 0-1

[Event "4Springare Autumn-IM 2019"]
[Site "Stockholm"]
[Date "2019.10.23"]
[Round "6.4"]
[White "Mattsson, Michael"]
[Black "Krzywda, Andrzej"]
[Result "0-1"]
[WhiteElo "2035"]
[BlackElo "2175"]
[Annotator "TA"]
[PlyCount "76"]
[EventDate "2019.10.19"]
[EventType "tourn"]
[EventRounds "9"]
[EventCountry "SWE"]
[SourceTitle "playchess.com"]
[Source "ChessBase"]
[SourceQuality "1"]

{[%evp 13,76,0,29,9,32,-41,-36,-35,0,-7,0,-16,0,-17,40,23,37,15,50,60,72,73,77,66,100,-5,-5,-157,-157,-154,-146,-149,-157,-156,-161,-162,-159,-156,-154,-149,-146,-240,-247,-267,-270,-310,-293,-337,-339,-317,-318,-548,-532,-735,-700,-1562,-1508,-1614,-1560,-1463,-1413,-4686,-4132,-29982,-29983]} 1. e4 c6 2. d4 d5 3. Nc3 dxe4 4. Nxe4 Bf5 5. Ng3 Bg6 6. Bc4 e6 7. N1e2 Nd7 8. O-O {B18: Classical Caro-Kann: 4...Bf5 sidelines} (8. h4 h6 9. Nf4 Bh7 10. Qe2 Qb6 11. d5 e5 12. dxc6 bxc6 13. O-O Be7 14. Nfh5 Kf8 15. Qg4 g6 16. Qxd7 Rd8 17. Nf6 Kg7 18. Bxh6+ Nxh6 19. Qxe7 Rhf8 20. Nfh5+ Kg8 21. Qg5 {1-0 (21) Shcherbakov,R (2492)-Gunina,V (2497) Cheliabinsk 2016}) 8... Bd6 9. f4 (9. Nf4 $14) 9... Nh6 $15 10. Bd3 {Black is slightly better.} Qh4 11. Ne4 Bc7 $146 ({Predecessor:} 11... Bxe4 12. Bxe4 O-O 13. Bd2 Rad8 14. Qe1 Qe7 15. Ng3 c5 16. dxc5 Bxc5+ {0-1 (62) Arcos Facio,M (2109)-Garcia Cardenas,P (2312) Montevideo 2009}) 12. Bd2 O-O-O 13. b4 Ng4 ({Black should try} 13... e5 $11) 14. h3 $14 {Hoping for Be1.} Ngf6 15. Be1 Qh5 16. N4g3 Qd5 17. c4 Qd6 18. Bxg6 hxg6 19. Rf3 {[#]} (19. Qb3 $16) 19... e5 $1 $11 {[%mdl 512]} 20. dxe5 $2 ({White should play} 20. fxe5 $11 Nxe5 {[%mdl 64] Double Attack, Pin} 21. Rc3) 20... Nxe5 $17 21. fxe5 Qxd1 22. Rxd1 Rxd1 23. exf6 Rxe1+ 24. Kf2 Rd1 {Strongly threatening ...gxf6.} 25. fxg7 Rg8 26. Rxf7 Be5 27. Ne4 (27. Rf8+ $17 Rd8 28. Rxd8+ Rxd8 29. h4) 27... Rxg7 $19 28. Rxg7 Bxg7 {[%mdl 4096] Endgame KRB-KNN} 29. Nf4 Ra1 30. Nxg6 Rxa2+ 31. Kf3 Rb2 32. h4 $2 (32. b5 cxb5 33. cxb5) 32... Rxb4 33. g4 a5 {[%cal Ba7a5,Ba5a4,Ba4a3][%mdl 32]} 34. g5 a4 35. h5 a3 36. h6 {[#]} Bh8 $1 {[%mdl 512]} 37. Ne7+ (37. Nxh8 a2) 37... Kd7 38. g6 Kxe7 {Accuracy: White = 24%, Black = 71%.} 0-1

[Event "4Springare Autumn-IM 2019"]
[Site "Stockholm"]
[Date "2019.10.23"]
[Round "6.5"]
[White "Mirzoev, Emil"]
[Black "Peng, Li Min"]
[Result "1/2-1/2"]
[WhiteElo "2455"]
[BlackElo "2454"]
[Annotator "TA"]
[PlyCount "61"]
[EventDate "2019.10.19"]
[EventType "tourn"]
[EventRounds "9"]
[EventCountry "SWE"]
[SourceTitle "playchess.com"]
[Source "ChessBase"]
[SourceQuality "1"]

{[%evp 10,61,30,0,1,0,0,13,0,0,0,0,60,-14,-15,-17,-6,0,0,-33,4,0,0,4,29,11,28,3,0,0,6,0,38,42,43,37,56,27,68,25,27,25,44,41,60,30,27,33,33,0,36,0,42,15]} 1. e4 Nf6 2. Nc3 d5 3. exd5 Nxd5 4. Bc4 Nb6 5. Bb3 c5 6. Qh5 c4 {B02: Alekhine's Defence: Chase Variation and lines with early Nc3} 7. Bxc4 $1 {[%mdl 64] [#] Decoy} Nxc4 8. Qb5+ {[%mdl 64] Double Attack} Nc6 {Hoping for ...Nb6.The position is equal.} 9. Qxc4 e5 10. Nf3 Bd6 ({Black should try} 10... Be7 $11) 11. O-O $146 ({Better is} 11. d4 $14) ({Predecessor:} 11. d4 O-O 12. Be3 Bf5 13. O-O-O e4 14. Ng5 {0-1 (27) Mueller,K (2480)-Seul,G (2425) Germany 1994}) 11... O-O $11 12. d3 Be6 13. Qe4 {With the idea Ng5.} Qd7 14. Bd2 (14. Nb5 {seems wilder.} Bb8 15. Nc3 Bd6) 14... Bf5 {[%mdl 1024] Black has compensation.} 15. Qe3 Rfe8 16. Ne4 Bf8 17. Bc3 Rad8 18. Rfe1 b5 19. a3 a5 20. b3 b4 21. axb4 axb4 22. Bb2 h6 23. h3 Qd5 24. Ned2 Bc5 25. Qe2 f6 26. Ne4 Bb6 27. Nfd2 Bd4 28. Bxd4 Nxd4 29. Qd1 Bg6 30. Nc4 f5 31. Ra5 {Accuracy: White = 24%, Black = 47%.} (31. Ra6 $5 {[%cal Ra6g6]} Qf7 32. Ncd6 $16) 1/2-1/2

[Event "4Springare Autumn-IM 2019"]
[Site "Stockholm"]
[Date "2019.10.23"]
[Round "7.1"]
[White "Peng, Li Min"]
[Black "Vainerchuk, Barys"]
[Result "1-0"]
[WhiteElo "2454"]
[BlackElo "2136"]
[Annotator "TA"]
[PlyCount "47"]
[EventDate "2019.10.19"]
[EventType "tourn"]
[EventRounds "9"]
[EventCountry "SWE"]
[SourceTitle "playchess.com"]
[Source "ChessBase"]
[SourceQuality "1"]

{[%evp 19,46,18,14,11,58,49,41,40,45,38,50,41,86,86,187,173,174,146,218,224,681,641,838,779,29978,4083,29990,29991,29999]} 1. Nf3 Nf6 2. g3 b6 3. Bg2 Bb7 4. O-O e6 5. c4 Be7 6. b3 O-O 7. Bb2 d6 8. Nc3 Nbd7 9. Qc2 a6 10. Rad1 c5 11. d4 {A30: Symmetrical English: Double Fianchetto and Hedgehog} Qc7 (11... b5 $5) 12. e4 cxd4 13. Nxd4 {White is slightly better.} Rac8 14. Qe2 Rfd8 15. f4 Bf8 16. g4 Qb8 $146 (16... e5 $16 {was worth a try.}) ({Predecessor:} 16... e5 17. Nf5 exf4 {1-0 (33) Dorfman,J (2540)-Zsinka,L (2305) Zamardi 1980}) 17. g5 $18 Ne8 18. Rd3 $36 {[%mdl 2048] White is on the roll.} g6 (18... b5 $16) 19. f5 e5 $2 {[#]} (19... Bg7 20. f6 (20. fxe6 Bxd4+ 21. Rxd4 fxe6 $16) 20... e5) 20. fxg6 hxg6 21. Qf2 f5 22. exf5 exd4 23. fxg6 Ne5 24. Qxf8# {Accuracy: White = 83%, Black = 12%.} 1-0

[Event "4Springare Autumn-IM 2019"]
[Site "Stockholm"]
[Date "2019.10.23"]
[Round "7.2"]
[White "Krzywda, Andrzej"]
[Black "Mirzoev, Emil"]
[Result "0-1"]
[WhiteElo "2175"]
[BlackElo "2455"]
[Annotator "TA"]
[PlyCount "52"]
[EventDate "2019.10.19"]
[EventType "tourn"]
[EventRounds "9"]
[EventCountry "SWE"]
[SourceTitle "playchess.com"]
[Source "ChessBase"]
[SourceQuality "1"]

{[%evp 20,84,56,64,66,72,60,62,70,72,62,56,63,68,56,38,50,20,10,-72,-65,-92,-90,-126,-111,-127,-131,-147,-139,-229,-227,-220,-197,-219,-184,-156,-170,-343,-340,-320,-296,-286,-247,-357,-139,-143,-142,-154,-133,-133,-118,-120,-71,-81,-57,-145,-93,-203,-166,-470,-409,-12843,-12843,-29990,-29991,-29990,-29991]} 1. d4 Nf6 2. c4 Nc6 3. Nf3 d6 4. g3 g6 5. Bg2 Bg7 6. O-O O-O 7. Nc3 a6 8. Qc2 Bf5 9. e4 Bg4 10. Be3 Nd7 11. Qd2 e5 {E63: King's Indian: Fianchetto: Panno Variation with 7...a6} 12. d5 Bxf3 13. Bxf3 Nd4 {White is slightly better.} 14. Bg2 c5 15. dxc6 $1 bxc6 16. f4 a5 {[#]} (16... Rb8 17. Rf2 Nf6 18. h3 Nh5 19. Kh2 exf4 20. gxf4 {½-½ (43) Mamedyarov,S (2799)-Amin,B (2689) Riadh 2017}) 17. Rf2 $146 ({Predecessor:} 17. b3 Nb6 18. Qd3 c5 19. Rab1 {0-1 (52) Kacheishvili,G (2583)-Fedorov,A (2599) Leon 2001}) 17... a4 18. Raf1 Qa5 19. fxe5 (19. f5 $11 {remains equal.}) 19... dxe5 $17 20. Bh6 Qc5 21. Nd1 Qxc4 22. Bxg7 Kxg7 23. Bh3 Nc5 24. Qg5 (24. Ne3 $17 Qxa2 25. Nf5+ Nxf5 26. exf5) 24... f6 $1 $19 {[%cal Rf6g5]} 25. Qh4 g5 26. Qg4 Kg6 {Played: h7-h5} 0-1

[Event "4Springare Autumn-IM 2019"]
[Site "Stockholm"]
[Date "2019.10.23"]
[Round "7.3"]
[White "Kononenko, Dmitry"]
[Black "Mattsson, Michael"]
[Result "1-0"]
[WhiteElo "2613"]
[BlackElo "2035"]
[Annotator "TA"]
[PlyCount "95"]
[EventDate "2019.10.19"]
[EventType "tourn"]
[EventRounds "9"]
[EventCountry "SWE"]
[SourceTitle "playchess.com"]
[Source "ChessBase"]
[SourceQuality "1"]

{[%evp 12,95,46,52,85,49,64,13,41,41,56,50,51,46,35,26,43,52,68,68,65,68,87,83,83,33,56,3,54,50,98,-70,-75,-102,-93,-105,-94,-95,0,-157,-4,-12,120,123,118,108,173,179,262,246,379,164,520,516,524,528,513,523,488,499,467,441,362,305,596,560,979,974,958,958,892,887,958,938,1805,1845,1961,1753,1968,1801,1962,1590,5156,1189,5043,5035]} 1. Nf3 Nf6 2. c4 e6 3. g3 d5 4. Bg2 dxc4 5. Qa4+ Bd7 6. Qxc4 Bc6 7. O-O Qd5 {A13: English Opening: 1...e6} (7... Nbd7 8. Nc3 Bd6 9. d4 O-O 10. Rd1 Qe7 11. Qd3 Bxf3 12. Qxf3 c6 13. Ne4 Nxe4 14. Qxe4 Nf6 15. Qf3 Rfd8 16. Bd2 {½-½ (40) Swiercz,D (2627)-Ipatov,A (2630) Warsaw 2013}) 8. Qxd5 Nxd5 $146 ({Predecessor:} 8... Bxd5 9. d3 b6 10. Bf4 Na6 11. Nc3 Bb7 12. Nb5 Nd5 13. Nd2 Kd7 14. Nc4 f6 15. Ne3 {1-0 (65) Balinov,I (2454)-Schuurman,P (2219) Graz 2006}) 9. Ne5 (9. Rd1 $14) 9... Nb4 {The position is equal.} 10. Nxc6 N8xc6 11. Nc3 O-O-O 12. a3 Nd5 13. e3 Nxc3 14. bxc3 Ne5 15. d4 Nc4 16. a4 a5 17. Rb1 c6 18. e4 Kc7 19. Rb3 (19. Ra1 $14) 19... Bd6 ({Black should play} 19... e5 $11) 20. f4 Nb6 21. f5 $2 ({White should try} 21. e5 $16 Be7 22. f5) 21... e5 $1 $15 22. Be3 {Hoping for dxe5.} Nxa4 23. Ra1 b5 24. Bf1 Ra8 ({Better is} 24... Rhe8 $17 25. Bf2 f6) 25. Kg2 $2 {[#]} (25. dxe5 $1 $11 Bxe5 26. Bxb5 Nxc3 27. Bf4 Nxb5 28. Bxe5+ Kc8 29. Bxg7) 25... Rhb8 $2 (25... Nb6 $1 $17 26. Kf3 a4) 26. c4 $1 $11 {[%cal Rc4b5]} Bb4 {[#]} (26... exd4 $11 27. Bxd4 Nc5 28. Bxc5 Bxc5 29. cxb5 Bd4) 27. cxb5 $1 $16 (27. dxe5 Nc5 $14) 27... cxb5 28. dxe5 Nc3 (28... Rb6 $16 29. Rd1 Re8 30. Rc1+ (30. Bxb6+ Kxb6 31. Rf3 Nc3 $16) 30... Kb7) 29. Rc1 $18 Kd7 (29... Kd8 $142 30. Kf3 (30. Rbxc3 Bxc3 31. Rxc3 a4 $16) 30... Rc8) 30. Kf3 ({Resist} 30. Rbxc3 $6 Bxc3 31. Rxc3 b4 $18) 30... Rc8 (30... Ke8 {might work better.} 31. Rc2 (31. Rbxc3 Bxc3 32. Rxc3 a4 $16) 31... Nd1) 31. Bd2 (31. f6 $142 gxf6 32. Bh3+ (32. exf6 Rc6 $16) 32... Kc7 33. Bxc8 Rxc8 34. Rcxc3+ Bxc3 35. Rxc3+ Kd7 36. Rxc8 Kxc8 37. exf6) 31... Nxe4 $2 (31... Na2 32. Bxb5+ Ke7 33. Rxc8 Rxc8) 32. Kxe4 Bxd2 33. Rd3+ Ke7 34. Rxc8 Rxc8 35. Rxd2 {[%mdl 4096] Endgame KRB-KR} b4 36. Ra2 Ra8 37. Ra4 Kd7 $2 (37... b3 38. Bd3 b2) 38. Kd4 {White is clearly winning.} f6 {If Black can now play ...fxe5+ this consolidates a bit.} 39. e6+ Kd6 40. Bc4 Ra7 41. Bb3 g6 42. g4 gxf5 43. gxf5 Ra8 44. Ra1 Ra7 45. Ra2 Ra8 46. Ba4 Rb8 47. Kc4 (47. Rc2 $142 Rb6 48. Rc5) 47... Rg8 48. Rd2+ {Accuracy: White = 56%, Black = 20%.} 1-0

[Event "4Springare Autumn-IM 2019"]
[Site "Stockholm"]
[Date "2019.10.23"]
[Round "7.4"]
[White "Bogdanov, Egor"]
[Black "Papunidi, Matvey"]
[Result "1-0"]
[WhiteElo "2409"]
[BlackElo "2083"]
[Annotator "TA"]
[PlyCount "55"]
[EventDate "2019.10.19"]
[EventType "tourn"]
[EventRounds "9"]
[EventCountry "SWE"]
[SourceTitle "playchess.com"]
[Source "ChessBase"]
[SourceQuality "1"]

{[%evp 23,55,20,24,20,20,16,73,58,146,156,174,125,145,104,93,101,89,95,79,90,91,104,247,207,220,224,269,173,160,119,113,100,448,435]} 1. e4 c5 2. c3 d5 3. exd5 Qxd5 4. d4 Nf6 5. Nf3 Nc6 6. Be2 e6 7. O-O Be7 8. Be3 cxd4 9. cxd4 O-O 10. Nc3 Qd8 11. Ne5 Nb4 12. Bf3 Nbd5 13. Bg5 {B22: Sicilian: 2 c3} (13. Qb3 Nxe3 14. fxe3 Nd7 15. Nc4 Rb8 16. a4 a6 17. Rfd1 b6 18. d5 e5 19. d6 Bg5 20. Nd5 Bb7 21. Qc3 Bxd5 22. Rxd5 {½-½ (50) Ronchetti,N (2446)-Caruana,F (2767) Arvier 2012}) 13... h6 {Hoping for ...Nxc3.} 14. Bh4 Qa5 (14... Bd7 $11) 15. Qb3 $146 {White is better.} ({Predecessor:} 15. Qd2 Nh7 16. Nc4 Qd8 17. Bxe7 Nxe7 18. d5 exd5 19. Nxd5 Nxd5 20. Qxd5 Ng5 21. Rad1 Nxf3+ 22. Qxf3 Qh4 23. Nd6 {½-½ (23) Tivolt,F-Plecsko,Z Zalaegerszeg 1959}) 15... g5 ({Black should try} 15... Qb4 $14) 16. Bg3 $16 Rd8 17. Rfe1 Qb4 18. Qc2 Qxd4 19. Nxd5 exd5 20. Ng6 Bd6 21. Bxd6 Rxd6 {[#]} 22. Ne7+ $1 Kf8 (22... Kh8 $16) 23. Rad1 $18 {[%mdl 1024] White has strong compensation.} ({Worse is} 23. Nxc8 Rc6 $15) 23... Qb4 24. a3 ({Weaker is} 24. Nxc8 Rc6 $15) 24... Qa5 25. b4 $36 {[%mdl 2048] White has strong initiative.} ({Not} 25. Nxc8 Rc6 $14) 25... Qd8 26. Qc3 d4 27. Qc5 Kg7 $2 {[%mdl 8192] [#]} (27... b6 $16 {is tougher.} 28. Qc2 Be6) 28. Bxb7 $1 {[%mdl 512] Accuracy: White = 95%, Black = 20%.} 1-0

[Event "4Springare Autumn-IM 2019"]
[Site "Stockholm"]
[Date "2019.10.23"]
[Round "7.5"]
[White "Roshka, Yevgeniy"]
[Black "Poley, Vladimir"]
[Result "1/2-1/2"]
[WhiteElo "2369"]
[BlackElo "2298"]
[Annotator "TA"]
[PlyCount "48"]
[EventDate "2019.10.19"]
[EventType "tourn"]
[EventRounds "9"]
[EventCountry "SWE"]
[SourceTitle "playchess.com"]
[Source "ChessBase"]
[SourceQuality "1"]

{[%evp 9,48,37,47,14,22,22,30,0,0,0,0,0,0,-31,-11,-49,-23,-102,-95,-95,-83,-93,-79,-171,-166,-170,-170,-158,-129,-131,-129,-126,0,-100,0,-131,0,-92,0,-133,0]} 1. e4 c6 2. d4 g6 3. c4 Bg7 4. Nc3 d6 5. Nge2 (5. Be3 e5 6. Nge2 Nf6 7. f3 Nbd7 8. Qd2 O-O 9. d5 cxd5 10. cxd5 a6 11. g4 h5 12. g5 Nh7 13. Nc1 f6 14. gxf6 Bxf6 15. Rg1 Bh4+ 16. Kd1 g5 17. Nd3 Kh8 18. Be2 Rf7 19. Rc1 Ndf8 20. Na4 {1-0 (43) Amin,B (2709)-Jovanovic,Z (2537) Zagreb 2018}) 5... e5 6. dxe5 {A42: Modern Defence: Averbakh Variation} dxe5 7. Qxd8+ Kxd8 8. Be3 $146 {White has an edge.} ({Predecessor:} 8. Bg5+ Kc7 9. O-O-O Bh6 10. f4 Bxg5 11. fxg5 h6 12. gxh6 Nxh6 13. h3 Ng4 14. Rd2 {½-½ (14) Finster,M (2135)-Rupprecht,A (2195) Bayern 1999}) 8... Be6 9. Nc1 (9. O-O-O+ {is more complex.} Kc7 10. b3 Na6 11. g3 Nf6 12. f3) 9... Bh6 10. Bxh6 Nxh6 11. Nb3 Na6 12. Na4 Ke7 13. O-O-O (13. Nac5 $11) 13... Ng4 $17 14. Rd2 Rhd8 15. f3 Ne3 16. Rxd8 (16. Nbc5 $17) 16... Rxd8 $19 {[%csl Ge3][%cal Rd8d1] [#]} ({Inferior is} 16... Kxd8 17. Nac5 $11) 17. Nd2 Nb4 18. Nc3 Nxf1 19. Rxf1 Nd3+ 20. Kc2 Nb4+ 21. Kc1 Nd3+ 22. Kc2 Nb4+ 23. Kc1 Nd3+ 24. Kc2 {[#]} Nb4+ {Accuracy: White = 43%, Black = 44%.} (24... Nxb2 $1 $17 {[%mdl 512]} 25. Rb1 (25. Kxb2 Rxd2+) 25... Nxc4 26. Rxb7+ Rd7 27. Rxd7+ Kxd7 28. Nxc4 Bxc4) 1/2-1/2

[Event "4Springare Autumn-IM 2019"]
[Site "Stockholm"]
[Date "2019.10.24"]
[Round "8.1"]
[White "Vainerchuk, Barys"]
[Black "Poley, Vladimir"]
[Result "1/2-1/2"]
[WhiteElo "2136"]
[BlackElo "2298"]
[Annotator "TA"]
[PlyCount "61"]
[EventDate "2019.10.19"]
[EventType "tourn"]
[EventRounds "9"]
[EventCountry "SWE"]
[SourceTitle "playchess.com"]
[Source "ChessBase"]
[SourceQuality "1"]

{[%evp 13,61,55,59,55,63,35,71,74,83,35,35,25,29,31,43,23,38,27,41,27,62,15,10,14,30,0,0,0,0,-13,0,-33,-38,-35,-34,-75,-39,-37,-26,-29,-27,-29,-20,-17,-13,-19,-13,-16,-6,-16]} 1. e4 g6 2. d4 Bg7 3. c3 c6 4. Bd3 d5 5. Nd2 Nh6 6. Ngf3 O-O 7. O-O Nd7 {[%cal Bb8d7,Bd7f8,Bf8e6][%mdl 32]} 8. Re1 {B12: Caro-Kann: Advance Variation} Re8 9. e5 Nf8 (9... f6 10. Nf1 fxe5 11. dxe5 Nc5 12. Bc2 Bg4 13. h3 Bxf3 14. Qxf3 Rf8 15. Qe2 Ne6 {0-1 (45) Rzayev,B (2416)-Kuzubov,Y (2663) Baku 2014}) 10. Nf1 {White is better.} f6 11. exf6 exf6 12. Rxe8 Qxe8 13. Bf4 $146 ({Predecessor:} 13. Bd2 Be6 14. a4 Qd7 15. Ng3 Nf7 {0-1 (70) Spindelboeck,G (2200)-Wegerer,F (2290) Graz 1995}) 13... Nf7 14. Qc2 Ne6 15. Re1 Qf8 16. Bg3 Bh6 17. h3 Bd7 18. Ne3 Nf4 19. Bxf4 Bxf4 20. Ng4 Kg7 21. g3 Bd6 22. Kg2 (22. Nh4 $5 {[%cal Rd3g6]}) 22... Re8 23. Rxe8 Qxe8 24. Qe2 Qxe2 (24... Qc8 {seems wilder.} 25. Qc2 a6 26. a3 b5 27. a4 Be6) 25. Bxe2 Bf5 26. Nd2 Ng5 27. h4 Ne4 28. Nxe4 {The position is equal.} Bxe4+ 29. f3 Bb1 30. a3 h5 31. Nf2 {Accuracy: White = 53%, Black = 60%.} 1/2-1/2

[Event "4Springare Autumn-IM 2019"]
[Site "Stockholm"]
[Date "2019.10.24"]
[Round "8.2"]
[White "Papunidi, Matvey"]
[Black "Roshka, Yevgeniy"]
[Result "0-1"]
[WhiteElo "2083"]
[BlackElo "2369"]
[Annotator "RC"]
[PlyCount "70"]
[EventDate "2019.10.19"]
[EventType "tourn"]
[EventRounds "9"]
[EventCountry "SWE"]
[SourceTitle "playchess.com"]
[Source "ChessBase"]
[SourceQuality "1"]
[TimeControl "5400+30"]

1. e4 e6 2. d4 d5 3. Nd2 Nf6 4. e5 Nfd7 5. Bd3 c5 6. c3 Nc6 7. Ne2 cxd4 8. cxd4 f6 9. exf6 Nxf6 10. Nf3 Bd6 11. O-O Qc7 12. Bg5 O-O 13. Qc2 Nb4 14. Qxc7 Bxc7 15. Bb1 Bd7 16. Ne5 Bb5 17. Re1 Nc6 18. Nxc6 bxc6 19. Nf4 Ng4 20. g3 Bb6 21. Nxe6 Rae8 22. a4 Bc4 23. Bf4 Ba5 24. Bxh7+ Kxh7 25. Nxf8+ Rxf8 26. Re7 Bb6 27. h3 Nh6 28. Be5 Nf5 29. Rd7 Bxd4 30. Bxd4 Nxd4 31. Rxa7 Nf3+ 32. Kg2 d4 33. Rd7 d3 34. a5 Bd5 35. Kf1 Re8 0-1

[Event "4Springare Autumn-IM 2019"]
[Site "Stockholm"]
[Date "2019.10.24"]
[Round "8.3"]
[White "Mattsson, Michael"]
[Black "Bogdanov, Egor"]
[Result "0-1"]
[WhiteElo "2035"]
[BlackElo "2409"]
[Annotator "TA"]
[PlyCount "30"]
[EventDate "2019.10.19"]
[EventType "tourn"]
[EventRounds "9"]
[EventCountry "SWE"]
[SourceTitle "playchess.com"]
[Source "ChessBase"]
[SourceQuality "1"]

{[%evp 20,36,-97,-125,-133,-122,-121,-253,-107,-454,-417,-527,-353,-360,-358,-1033,-1025,-1009,-1000]} 1. e4 c5 2. Nf3 g6 3. d4 Bg7 4. Nc3 cxd4 5. Nxd4 Nc6 6. Be3 Nf6 7. Bc4 O-O 8. O-O d6 9. Nxc6 bxc6 10. f4 Ng4 11. Bd4 e5 {B72: Sicilian Dragon: 6 Be3, lines with h3+Bc4 and sidelines} 12. fxe5 c5 13. Bxc5 $146 (13. Bf2 $17) ({Predecessor:} 13. Bf2 Bxe5 14. h3 Nxf2 15. Kxf2 Qh4+ 16. Ke2 Bxc3 17. Bxf7+ Rxf7 18. Qd5 Ba6+ 19. Ke3 Qh6+ {0-1 (19) Adelino,Y (1530)-Dantas,D (1833) Santa Cruz 2016}) 13... Bxe5 (13... Qh4 $19 {[%csl Gg4][%cal Rh4h2]} 14. Rxf7 Qxh2+ 15. Kf1 Rxf7+ 16. Bxf7+ Kh8 17. Qxd6 Bb7) 14. Rxf7 $2 {[%mdl 8192] [#]} (14. h3 $17 {was the crucial defense.} Qc7 {[%mdl 64] Pin} 15. Ba3) 14... Rxf7 15. Qd5 Kh8 {Played: Qd8-c7} 0-1

[Event "4Springare Autumn-IM 2019"]
[Site "Stockholm"]
[Date "2019.10.24"]
[Round "8.4"]
[White "Mirzoev, Emil"]
[Black "Kononenko, Dmitry"]
[Result "0-1"]
[WhiteElo "2455"]
[BlackElo "2613"]
[Annotator "TA"]
[PlyCount "38"]
[EventDate "2019.10.19"]
[EventType "tourn"]
[EventRounds "9"]
[EventCountry "SWE"]
[SourceTitle "playchess.com"]
[Source "ChessBase"]
[SourceQuality "1"]

{[%evp 16,56,-6,-13,-18,-63,-29,-58,-51,-58,-42,-204,-204,-209,-201,-204,-205,-248,-235,-256,-311,-308,-214,-430,-395,-389,-261,-254,-253,-265,-268,-404,-403,-406,-391,-389,-394,-471,-466,-611,-619,-596,-589]} 1. e4 c6 2. d4 d5 3. Nc3 dxe4 4. Nxe4 Bf5 5. Ng3 Bg6 6. Nf3 Nd7 7. h4 h6 8. Bc4 e6 9. Qe2 Ngf6 {B19: Classical Caro-Kann: 4...Bf5 main line} 10. Bb3 (10. Ne5 Nxe5 11. dxe5 Nd7 12. f4 b5 13. h5 Bh7 14. Bd3 Bxd3 15. Qxd3 Nb6 16. Qxd8+ Rxd8 17. Ke2 {1-0 (40) Malakhatko,V (2568)-Svetushkin,D (2486) Kiev 2000}) 10... Be7 11. Bd2 a5 {Black is slightly better.} 12. a4 O-O 13. O-O-O $146 {[#]} (13. O-O $15) ({Predecessor:} 13. O-O Nd5 14. h5 Bh7 15. c3 N7f6 {½-½ (59) Forcen Esteban,D (1954)-Navarro Ferrer,R (1990) Spain 2006}) 13... b5 $1 $19 {[%mdl 512]} 14. Ne5 (14. axb5 a4) 14... Nxe5 15. dxe5 Nd5 16. h5 Bh7 17. Ne4 {[#]} bxa4 $1 18. Bxa4 Qb6 19. Rh3 $2 (19. Qc4) 19... Rab8 {Played: Qb6-d4} 0-1